50 Multiple Choice Star Wars Quiz. - Statistics

General Stats
  • This quiz has been taken 57 times
    40 since last reset
  • The average score is 26 of 50
Answer Stats
Question Answer % Correct
Han Solo loved to brag that the Millennium Falcon could do the Kessel Run in less than how many parsecs? 12
83%
In what year did the first Star Wars movie come out? 1977
67%
How many children does Darth Vader have? 2
67%
Where does Ray end up finding Luke Skywalker? Ach-to
67%
What famous words appear in every Star Wars opening crawl? A long time ago in a galaxy far, far away ...
67%
What material is Han Solo frozen in in The Empire Strikes Back? Carbonite
67%
Where is Yoda's home in his final years? Dagobah
67%
The Lion King's Mufasa and which Star Wars character were voiced by the same actor? Darth Vader
67%
What is the highest rank a Jedi can achieve in the Jedi Order? Grand master
67%
What is Baby Yoda's real name? Grogu
67%
How does Han Solo die? He was murdered by his son
67%
What does Han Solo say after Princess Leia tells him she loves him in The Empire Strikes Back? "I know."
67%
What is the episode number of the very first Star Wars film? IV
67%
Who is Darth Vader's grandson? Kylo Ren
67%
What weapon do Jedi Knights use? Lightsabers
67%
How many forms of communication is C3PO fluent in? Over 6 million
67%
What color was Mace Windu's lightsaber? Purple
67%
Which body part did Anakin lose in the battle with Count Dooku? Right arm
67%
What was Poe Dameron's old job before becoming a pilot? Spice runner
67%
What creature does Han Solo ride on the planet Hoth? Tauntaun
67%
What was the name of the space station commonly considered the Empire’s deadliest weapon? The Death Star
67%
In Star Wars, what is the energy created by all life that connects everything in the universe? The Force
67%
What are Yoda’s dying words in Return of the Jedi? There is another skywalker
67%
Who told Anakin there is another Skywalker? Yoda
67%
Around how old is Yoda when he trains Luke Skywalker in The Empire Strikes Back? 900
50%
What does AT-AT stand for? All Terrain Armored Transport
50%
Which character has appeared in the most Star Wars films? Both R2-D2 and C3PO
50%
What is Phasma's rank among the First Order? Captain
50%
Where was Baby Yoda when Order 66 was initiated? Coruscant
50%
What kind of lightsaber did Darth Maul originally have in The Phantom Menace? Double bladed lightsaber
50%
What is Finn's Stormtrooper number? FN-2187
50%
What is the name of the Gungan who acts as a guide for Obi-Wan Kenobi and Qui-Gon? Jar Jar Binks
50%
How high was Anakin's midi-chlorian count when Obi-Wan performs his blood test? More than 20,000
50%
Who says the line "There's always a bigger fish."? Qui-Gon Jinn
50%
What is the name of the female member of the Jedi high council that is the same species as Yoda? Yaddle
50%
How old was Padme when she was elected as queen of Naboo? 14
33%
Palpatine gave the command to execute what Order in Revenge of the Sith? 66
33%
How much money did A New Hope make at the box office? $775.8 million
33%
How many episodes are in the Skywalker Saga? 9
33%
What is Mando's real name in The Mandalorian? Din Djarion
33%
In the show, The Office, what Star Wars character does Dwight Schrute come dressed as for Halloween? Emporer Palpatine
33%
According to Yoda, what is the path to the dark side? Fear
33%
Where were the Hoth sequences in the movies filmed? Norway
33%
What was Galen Erso's nickname for his daughter? Stardust
33%
Who played Commander Cody? Temuera Morrison
33%
What color was Darth Vader's first light saber? Blue
17%
Leia said never underestimate a what? Droid
17%
X-wing fighters were used by the Resistance or the First Order? Resistance
17%
Which body part did Luke lose in the battle with Darth Vader? Right hand
17%
Who typically wields a blue lightsaber? Jedi Gaurdian
0%
No matching quizzes found
Score Distribution
Percent of People with Each Score
Percentile by Number Answered
Your Score History
You have not taken this quiz since the last reset